LEADER 01115nam a2200241 i 4500 001 000000047800 003 CaOOAMICUS 005 20100830000000.0 008 100830s1991 it u000 u ita u 013 $a18970 040 $aSeMil$bita 100 1 $aGadamer, Hans-Georg,$d<1900-2002>.$0(OLS)http://semarc/name/2119 245 10$aGriechische Philosophie 3. :$bPlato im Dialog /$cHans-Georg Gadamer. 260 $aTübingen :$bMohr,$c1991, unveränderte Taschenausg. 1999. 300 $a472 p. ;$c19 cm. 490 0 $aUTB für Wissenschaft 773 0 $aGadamer, Hans-Georg <1900-2002>$tGesammelte Werke.$bUnveränd. Taschenbuchausg.$dTübingen : Mohr Siebeck, 1999.$kUTB für Wissenschaft$z3-8252-2115-6$z3-16-147182-2$gBd.7$w()7027 830 0$aUTB für Wissenschaft.$0(OLS)http://semarc/title/9405 850 $aSeMil 852 $aSeMil$W1$xVenegono$y1$m2OA IV 18$j13955$B13955$CSeMilBibl$Z2$F13955 $81 961 $aAcquisto: Herder 996 $6245$aGriechische Philosophie 3. :$bPlato im Dialog$9(OLS)http://semarc/title/72158 996 $6260$aTübingen :$bMohr$9(OLS)http://semarc/publisher/29804 LEADER 01614nam a2200253 i 4500 001 000000202432 003 CaOOAMICUS 005 20110524000000.0 008 110524s1595 xx u000 u lat u 013 $a181141 040 $aSeMil$bita 245 10$a[Plautus, M. Accius] ex fide atque auctoritate complurium librorum manuscriptorum opera Dionysii Lambini Monstroiensis emendatus, ab eodemque commentariis explicatus. 260 $a[Lione?] :$bapud haer. Eustachii Vignon,$c1595. 300 $a16,5 x 24 ;$cpp. 952 ;$cgr. e rom. 500 $aH. Baudrier, Bibliographie Lyonnaise ..., vol. I, pag. 44 cita gli eredi di Eustache Vignon cone stampatori di Lione rimandandone la trattazione ad un successivo volume dell'opera, ma poi non ne parla più. - Descrizione da : Incunaboli e Cinquecentine della Biblioteca del Seminario di Milano / catalogo a cura di Ubaldo Valentini, Milano 1981. - Numero di catalogo : 1288. 650 4$aCinquecentine.$0(OLS)http://semarc/subject/1297 650 4$aMariologia - Testi.$0(OLS)http://semarc/subject/599 700 1 $aPlautus, Titus Maccius,$d.$0(OLS)http://semarc/name/3853 850 $aSeMil 852 $aSeMil$W1$xVenegono$y1$mFV.E II 31 ^$j152955$B152955$CSeMilBibl$Z2$F163978 $86 900 1 $aPlauto. 996 $6245$a[Plautus, M. Accius] ex fide atque auctoritate complurium librorum manuscriptorum opera Dionysii Lambini Monstroiensis emendatus, ab eodemque commentariis explicatus$9(OLS)http://semarc/title/293051 996 $6260$a[Lione?] :$bapud haer. Eustachii Vignon$9(OLS)http://semarc/publisher/51733